[Event "AUTO-OPEN-1057"]
[Site "http://www.queenalice.com/game.php?id=372071"]
[Date "2008.3.16"]
[Round "1"]
[White "yanpom"]
[Black "sobralov"]
[Result "1-0"]
[WhiteElo "2013"]
[BlackElo "1631"]

1. e4 e6 2. e5 d5 3. d4 c5 4. c3 Nc6 5. Nf3 Qb6 6. Qb3 Qxb3 7. axb3 cxd4 8. cxd4
Nge7 9. Be3 Nf5 10. Bb5 Be7 11. O-O Bd7 12. Nc3 Rc8 13. Bxc6 bxc6 14. Rxa7 Nxe3
15. fxe3 O-O 16. Rxd7 Bb4 17. Na4 c5 18. dxc5 Bxc5 19. Nxc5 Rxc5 20. Nd4 Ra8 21.
Rdxf7 h6 22. Rxg7+ Kxg7 23. Nxe6+ Kh7 24. Nxc5 Re8 25. e6 Rc8 26. e7 Re8 27. Nd7
Rxe7 28. Nf6+ Kg7 29. Nxd5 Re5 30. Rd1 Kf7 31. b4 Re6 32. Rf1+ Kg7 33. b5 Rd6
34. e4 Re6 35. b6 Rxe4 36. b7 Re8 37. Rf3 Rb8 38. Rb3 1-0

[Event "AUTO-OPEN-1057"]
[Site "http://www.queenalice.com/game.php?id=372072"]
[Date "2008.3.16"]
[Round "1"]
[White "sobralov"]
[Black "yanpom"]
[Result "0-1"]
[WhiteElo "1633"]
[BlackElo "2011"]

1. e4 e5 2. Nf3 Nc6 3. Bb5 a6 4. Ba4 b5 5. Bb3 Bc5 6. c3 d6 7. d4 exd4 8. cxd4
Bb4+ 9. Nc3 Nf6 10. O-O O-O 11. Bg5 h6 12. Bxf6 Qxf6 13. Nd5 Qg6 14. Nxc7 Ra7
15. Nd5 Bh3 16. g3 Bxf1 17. Kxf1 Qxe4 18. Rc1 Na5 19. Kg2 Nxb3 20. Qxb3 Ba5 21.
a4 bxa4 22. Qa2 Raa8 23. Nc3 Bxc3 24. Rxc3 g5 25. h3 h5 26. Kg1 g4 27. hxg4 hxg4
28. Nh2 Qe1+ 29. Kg2 Rae8 30. Qd5 Qe4+ 31. Qxe4 Rxe4 32. Rc4 Rb8 33. Rxa4 Rxb2
34. Rxa6 Rxd4 35. Ra5 d5 0-1

[Event "AUTO-OPEN-1057"]
[Site "http://www.queenalice.com/game.php?id=372099"]
[Date "2008.3.16"]
[Round "1"]
[White "sobralov"]
[Black "Myname"]
[Result "1-0"]
[WhiteElo "1528"]
[BlackElo "1461"]

1. e4 e5 2. Nf3 Nc6 3. Bb5 Nb4 4. c3 a6 5. Bc4 a5 6. cxb4 axb4 7. Nxe5 Nh6 8. d4
f6 9. Qh5+ g6 10. Nxg6 Qe7 11. Nxe7+ 1-0

[Event "AUTO-OPEN-1057"]
[Site "http://www.queenalice.com/game.php?id=372100"]
[Date "2008.3.16"]
[Round "1"]
[White "Myname"]
[Black "sobralov"]
[Result "1-0"]
[WhiteElo "1491"]
[BlackElo "1616"]

1. e4 e6 2. d4 d5 3. e5 c5 4. Bb5+ Bd7 5. c3 Bxb5 6. Nh3 Nc6 7. Bg5 f6 8. Qh5+
g6 9. Qh4 fxg5 10. Nxg5 h6 11. f4 Bg7 12. Nxe6 Qxh4+ 13. g3 Qe7 14. Nxc5 b6 15.
b4 bxc5 16. bxc5 Nf6 17. Na3 Bd3 18. O-O-O Ne4 19. Rxd3 Nf2 20. Rhd1 Nxd1 21.
Kxd1 Kd7 22. Nb5 Na5 23. a4 1-0

[Event "Challenge"]
[Site "http://www.queenalice.com/game.php?id=390969"]
[Date "2008.4.21"]
[Round "-"]
[White "vasileC"]
[Black "sobralov"]
[Result "1-0"]
[WhiteElo "1894"]
[BlackElo "1563"]

1. g3 d5 2. d4 Nf6 3. Bg2 Bf5 4. Nf3 e6 5. Bg5 Be7 6. O-O O-O 7. h4 Nbd7 8. Ne5
h6 9. Bxf6 Bxf6 10. Nxd7 Qxd7 11. e3 b6 12. Nc3 c5 13. a4 cxd4 14. exd4 Rac8 15.
g4 1-0

[Event "Challenge"]
[Site "http://www.queenalice.com/game.php?id=390970"]
[Date "2008.4.21"]
[Round "-"]
[White "sobralov"]
[Black "vasileC"]
[Result "0-1"]
[WhiteElo "1582"]
[BlackElo "1892"]

1. d4 d5 2. c4 Nf6 3. Nf3 Ne4 4. Nc3 Nxc3 5. bxc3 Bg4 6. e3 e6 7. h3 c5 8. hxg4
Qa5 9. Qd2 cxd4 10. cxd4 Qxd2+ 11. Bxd2 f6 12. cxd5 exd5 13. Bb5+ Nc6 14. O-O
Rc8 0-1

[Event "Challenge"]
[Site "http://www.queenalice.com/game.php?id=391502"]
[Date "2008.4.22"]
[Round "-"]
[White "vasileC"]
[Black "sobralov"]
[Result "1-0"]
[WhiteElo "1888"]
[BlackElo "1587"]

1. Nf3 Nf6 2. d4 d5 3. Nc3 Bf5 4. h3 e6 5. Bg5 Be7 6. h4 Nbd7 7. Ne5 h6 8. Bxf6
Bxf6 9. Nxd7 Qxd7 10. e3 Qe7 11. g3 a6 12. Bd3 Bxd3 13. Qxd3 c5 14. O-O-O 1-0

[Event "Challenge"]
[Site "http://www.queenalice.com/game.php?id=391503"]
[Date "2008.4.22"]
[Round "-"]
[White "sobralov"]
[Black "vasileC"]
[Result "0-1"]
[WhiteElo "1566"]
[BlackElo "1891"]

1. d4 d5 2. c4 e6 3. Nc3 Nc6 4. Nf3 Bb4 5. e3 Nf6 6. Bd3 O-O 7. O-O dxc4 8. Bxc4
h6 9. Qe2 Bxc3 10. bxc3 Ne4 11. Qc2 Nd6 12. Bd3 g6 13. e4 Kg7 0-1

[Event "Challenge"]
[Site "http://www.queenalice.com/game.php?id=391504"]
[Date "2008.4.22"]
[Round "-"]
[White "sobralov"]
[Black "vasileC"]
[Result "0-1"]
[WhiteElo "1569"]
[BlackElo "1888"]

1. d4 d5 2. c4 Nc6 3. cxd5 Qxd5 4. Nf3 f6 5. Nc3 Qd6 6. e4 Bg4 7. Be3 e5 8. d5
Nce7 9. Be2 a6 10. O-O O-O-O 11. Qb3 h5 12. Na4 Bxf3 13. Bc5 Qd7 0-1